000 02628nam a2200337 i 4500
999 _c65492
_d65492
001 768714001
003 CO-MdFUSB
005 20200519094620.0
007 ta
008 200324t2008 -us |||| |||| 00| 0 eng d
020 _a1565633334
040 _aCO-MdFUSB
_bspa
_cCO-MdFUSB
_dCO-MdFUSBC
_erda
041 _aeng
082 _223
_a221.7
_bAC179
100 _aAchtemeier, Elizabeth.
_eautor
242 _aPredicando textos dificiles del Antiguo Testamento.
_linglés
245 _aPreaching hard texts of the Old Testament.
_c/ Elizabeth Achtemeier
264 1 _aEstados Unidos :
_bHendrickson Publishers,
_c[2008]
264 4 _c© 2008
300 _a192 páginas
_c; 22 cm
336 _2rdacontent
_atexto
_btxt
337 _2rdamedia
_asin mediación
_bn
338 _2rdacarrier
_avolumen
_bnc
505 _aEl Santo de Israel. -- Narrativas y Ley. -- "Él gobernará sobre ti" - Génesis 3: 14-19. -- El sacrificio de Isaac - Génesis 22: 1-9. -- "El Señor es un hombre de Éxodo de guerra - 15: 1-21 . -- "Que Dios no nos hable" - Éxodo 19: 9-20; 20: 18-21. -- "La piel del rostro de Moisés brilló" - Éxodo 34:29 -45. -- La serpiente de bronce - Números 21: 4-9 Excursis: la prohibición Deuteronomio - 20: 10-18 y textos de conquista. -- Moisés prohibió entrar a la tierra - Deuteronomio 24: 1-12. -- En los días de los jueces - Jueces 4: 1-7 - El rechazo de Saúl - I Samuel 13: 1-5. -- Uza y el arca - 2 Samuel 6: 1-15. -- La traducción de Elías --2 Reyes 2: 1-12. -- Guarda a tus esposas e hijos extranjeros - Esdras 9-10. -- La persecución de los judíos - Ester 7: 1-6, 9-10; 9: 20-22. -- Escritos.-- Piel por piel - Job 2: 1-10. -- "Cuando Israel salió de Egipto" - Salmo 114. -- "Por las aguas de Babilonia" - Salmo 137. -- Sophia. -- Proverbios 8: 1-4, 22-31. -- "Levántate, mi amor" - Canción de canciones 2: 8-13. -- Profetas y Lamentaciones. -- "Arroyos en el desierto" - Isaías 35: 1 -10. -- "Hago sanar y creo ay" -- Isaías 45: 1-7."Perforaste al dragón" -- Isaías 51: 9-11. -- Extrañas acciones proféticas - Jeremías 13: 1-11. -- Luto - Lamentaciones 1: 1-6 - ¿Dios en forma humana? - Ezequiel 1: 26-28 . -- "Los santos de los más altos" - Daniel 7: 1-3, 15-18. -- Cásate con una ramera - Oseas 1: 2-9. -- El uso de Dios de catástrofes naturales - Amós 4: 4-13. -- "El Señor se arrepintió" - Amós 7: 1-6. -- "El día del Señor" - Sofonías 1: 14-18. -- El candelabro dorado - Zacarías 4: 1-14.
563 _aTapa dura
630 0 7 _aBiblia.
_pAntiguo Testamento
650 0 _954
_aPredicación
942 _cBK
945 _aJTF-925